| 000 | 00878nam a2200289Ia 4500 | ||
|---|---|---|---|
| 008 | 160803s9999 xx 000 0 und d | ||
| 020 | _a9780545614634 | ||
| 100 | _aKalman, Maria | ||
| 245 | _aLooking at Lincoln / | ||
| 245 | _cMaira Kalman. | ||
| 260 | _aNew York : | ||
| 260 | _bScholastic Inc. | ||
| 260 | _c2012 | ||
| 300 | _a38] unnumbered pages : | ||
| 300 | _bcolor illustrations ; | ||
| 300 | _c26 cm | ||
| 500 | _aOriginally published: New York : Nancy Paulsen Books, c2012. | ||
| 650 | _aLincoln, Abraham, 1809-1865 -- | ||
| 650 | _aLincoln, Abraham, 1809-1865. | ||
| 650 | _aPresidents -- United States -- Biography -- | ||
| 650 | _aPresidents. | ||
| 650 | _aUnited States -- History -- Civil War, 1861-1865 -- | ||
| 650 | _xJuvenile literature. | ||
| 650 | _xJuvenile literature. | ||
| 650 | _xJuvenile literature. | ||
| 700 | _a480 | ||
| 999 |
_c299526 _d299526 |
||